<?xml version="1.0" encoding="UTF-8"?>
<record
    xmlns:xsi="http://www.w3.org/2001/XMLSchema-instance"
    xsi:schemaLocation="http://www.loc.gov/MARC21/slim http://www.loc.gov/standards/marcxml/schema/MARC21slim.xsd"
    xmlns="http://www.loc.gov/MARC21/slim">

  <leader>00648nam a2200229 u 4500</leader>
  <controlfield tag="001">1107414</controlfield>
  <controlfield tag="005">20260507085434.0</controlfield>
  <controlfield tag="008">081006nuuuuuuuu   ||||||m|         spa  </controlfield>
  <datafield tag="035" ind1=" " ind2=" ">
    <subfield code="a">1107414</subfield>
  </datafield>
  <datafield tag="040" ind1=" " ind2=" ">
    <subfield code="c">comduadb</subfield>
  </datafield>
  <datafield tag="041" ind1=" " ind2=" ">
    <subfield code="a">spa</subfield>
  </datafield>
  <datafield tag="090" ind1=" " ind2=" ">
    <subfield code="a">MEM-V</subfield>
  </datafield>
  <datafield tag="100" ind1="1" ind2="0">
    <subfield code="a">Valencia Alvarez, Sandra Patricia</subfield>
    <subfield code="4">aut</subfield>
    <subfield code="e">aut</subfield>
    <subfield code="9">465657</subfield>
  </datafield>
  <datafield tag="245" ind1="1" ind2="0">
    <subfield code="a">Memorias de Grado</subfield>
  </datafield>
  <datafield tag="260" ind1=" " ind2=" ">
    <subfield code="a">Medell&#xED;n :</subfield>
    <subfield code="b">[sin publicador],</subfield>
    <subfield code="c">2000.</subfield>
  </datafield>
  <datafield tag="300" ind1=" " ind2=" ">
    <subfield code="a">138 p.: il. ; col.</subfield>
  </datafield>
  <datafield tag="650" ind1=" " ind2="7">
    <subfield code="a">Pintura</subfield>
    <subfield code="2">lemb</subfield>
    <subfield code="9">1020</subfield>
  </datafield>
  <datafield tag="650" ind1=" " ind2=" ">
    <subfield code="a">Relaci&#xF3;n entre humanos y animales</subfield>
    <subfield code="9">172842</subfield>
  </datafield>
  <datafield tag="650" ind1=" " ind2=" ">
    <subfield code="a">Animales en el arte</subfield>
    <subfield code="9">31087</subfield>
  </datafield>
  <datafield tag="650" ind1=" " ind2=" ">
    <subfield code="a">Maltrato a los animales</subfield>
    <subfield code="9">140899</subfield>
  </datafield>
  <datafield tag="942" ind1=" " ind2=" ">
    <subfield code="c">BOOK</subfield>
  </datafield>
  <datafield tag="999" ind1=" " ind2=" ">
    <subfield code="c">482478</subfield>
    <subfield code="d">482478</subfield>
  </datafield>
  <datafield tag="952" ind1=" " ind2=" ">
    <subfield code="0">0</subfield>
    <subfield code="1">0</subfield>
    <subfield code="4">0</subfield>
    <subfield code="7">0</subfield>
    <subfield code="8">GENERAL</subfield>
    <subfield code="a">CEDEA</subfield>
    <subfield code="b">CEDEA</subfield>
    <subfield code="d">2008-10-06</subfield>
    <subfield code="i">C1020155</subfield>
    <subfield code="l">0</subfield>
    <subfield code="o">MEM-V0026 2000</subfield>
    <subfield code="p">0614530</subfield>
    <subfield code="r">2023-04-28 00:00:00</subfield>
    <subfield code="t">1</subfield>
    <subfield code="w">2023-04-28</subfield>
    <subfield code="y">TESISI</subfield>
  </datafield>
</record>
